000 00705cam a22001937a 4500
082 _a954.5
_bDAR
100 1 _aDarling, Malcolm,
_950465
245 1 4 _aThe Punjab peasant in prosperity and debt
_cby Malcolm Lyall Darling ; with a foreword by Edward Maclagan.
250 _a2nd ed.
260 _aLondon ;
_aNew York :
_bOxford University Press,
_c1928.
300 _axxvi, 312 p. :
_bill., maps ;
_c21 cm.
500 _aMaster microform held by: ICRL.
520 _aOn land tenure and economic conditions in Punjab.
526 _a0
_b0
_c0
_d954_500000000000000_DAR
650 0 _aLand tenure
_zIndia
_zPunjab.
_950466
650 0 _aMCE
_9379
650 0 _aPeasants
_zIndia
_zPunjab.
_950467
942 _2ddc
_cBK
999 _c553200
_d553200